Countries A-Z with the Most Immigrants per Capita - Statistics

General Stats
  • This quiz has been taken 41 times
  • The average score is 18 of 24
Answer Stats
Letter Proportion of Immigrants (%) Country % Correct
F 18.6 France
92%
O 43.2 Oman
92%
Q 76.7 Qatar
92%
G 21.1 Germany
87%
Y 1.0 Yemen
87%
D 14.2 Denmark
84%
U 74.0 United Arab Emirates
84%
V 100 Vatican City
84%
C 23.0 Canada
82%
T 8.1 Turkiye
82%
H 2.6 Hungary
79%
J 33.8 Jordan
79%
K 67.3 Kuwait
79%
Z 2.6 Zimbabwe
79%
B 52.3 Bahrain
76%
E 14.9 Estonia
76%
I 25.1 Iceland
76%
R 5.3 Russia
76%
A 59.1 Andorra
66%
L 69.4 Liechtenstein
66%
M 70.2 Monaco
63%
S 48.7 Singapore
61%
N 28.2 New Zealand
53%
P 29.5 Palau
47%
No matching quizzes found
Score Distribution
Percent of People with Each Score
Percentile by Number Answered
Your Score History
You have not taken this quiz